Plant discoveries 2009 : (Record no. 43025)
[ view plain ]
| 000 -LEADER | |
|---|---|
| fixed length control field | 00795nam a22002177a 4500 |
| 005 - DATE AND TIME OF LATEST TRANSACTION | |
| control field | 20100823151359.0 |
| 010 ## - LCCN (DPL NO) | |
| LC control number | ENG-101301 |
| 020 ## - INTERNATIONAL STANDARD BOOK NUMBER | |
| International Standard Book Number | 8181770382 |
| Terms of availability | 150.00 |
| 035 ## - SYSTEM CONTROL NUMBER | |
| System control number | EN-84834 |
| 037 ## - SOURCE OF ACQUISITION | |
| Source of stock number/acquisition | DBAD/PUB |
| 082 ## - DEWEY DECIMAL CLASSIFICATION NUMBER | |
| Classification number | 580 |
| 245 ## - TITLE STATEMENT | |
| Title | Plant discoveries 2009 : |
| Remainder of title | new genera, species and new records / |
| Statement of responsibility, etc | compiled and edited by M. Sanjappa [and] Paramjit Singh |
| 260 ## - PUBLICATION, DISTRIBUTION, ETC. (IMPRINT) | |
| Name of publisher, distributor, etc | Botanical Survey of India |
| Place of publication, distribution, etc | Kolkata |
| Date of publication, distribution, etc | 2010 |
| 270 ## - ADDRESS | |
| Address | CGO Complex, Salt Lake City |
| City | Kolkata |
| Postal code | 700064 |
| 300 ## - PHYSICAL DESCRIPTION | |
| Extent | 143p. |
| Dimensions | 28cm (pbk) |
| 650 ## - SUBJECT ADDED ENTRY--TOPICAL TERM | |
| Topical term or geographic name as entry element | Botany |
| General subdivision | Plants |
| 700 ## - ADDED ENTRY--PERSONAL NAME | |
| Personal name | Sanjappa, M. |
| 9 (RLIN) | 16363 |
| 700 ## - ADDED ENTRY--PERSONAL NAME | |
| Personal name | Singh, Paramjit |
| 9 (RLIN) | 16364 |
| 942 ## - ADDED ENTRY ELEMENTS (KOHA) | |
| Source of classification or shelving scheme | Dewey Decimal Classification |
| Item type | English Books |
| Classification part | 580 |
| Call number suffix | PLA |
| Withdrawn status | Lost status | Not for loan | Collection code | Home library | Current library | Date acquired | Source of acquisition | Cost, normal purchase price | Full call number | Barcode | Copy number | Cost, replacement price | Koha item type |
|---|---|---|---|---|---|---|---|---|---|---|---|---|---|
| Not For Loan | Non-fiction | D.B.Act.Division | D.B.Act.Division | 23/08/2010 | DBAD/PUB | 150.00 | 580 PLA | EN-84834 | 1 | 150.00 | English Books |
